| 000 | 00628nam a2200181 a 4500 | ||
|---|---|---|---|
| 001 | 000029000 | ||
| 005 | 20200930055252.0 | ||
| 008 | 110413s1991 dr 000 0 spa d | ||
| 040 |
_aDO-SdBNP _bspa _cBNPHU |
||
| 100 | 1 |
_aNaciri, Ivonne _955921 |
|
| 240 | 1 | 0 |
_aSida: _bs informer pour l éveter _lfrancés |
| 245 | 1 | 0 |
_aSida informarse para evitarlo / _cIvonne Naciri ; traducción Ysabel, Lionel Germosén Robineau;. |
| 260 |
_aSanto Domingo : _bEditorial enda caribe, _c1991. _fEditora Taller |
||
| 300 |
_a51 P. ; _c21 cm. |
||
| 700 | 1 |
_aYsabel _etr. _955922 |
|
| 700 | 1 |
_aGermosén Robineau, Lionel _etr. _955923 |
|
| 049 | _aBNPD | ||
| 999 |
_c28492 _d28492 |
||